| 000 | 02120nam a2200325 i 4500 | ||
|---|---|---|---|
| 003 | EG-GICUC | ||
| 005 | 20260509124239.0 | ||
| 008 | 260509s2014 ||| |||fr|||| 00| 0 Ara d | ||
| 040 |
_a EG-GICUC _bara _c EG-GICUC _d EG-GICUC _erda |
||
| 041 | 0 | _aAra | |
| 082 | 0 | 4 |
_221 _a343.124 _bإ ب . م |
| 092 | 0 | 4 | _221 |
| 099 | _aLaw1 10 343.124 إ ب . م 2014 | ||
| 100 | 0 |
_aإبراهيم عبدالخالق _eمؤلف. |
|
| 245 | 1 | 2 |
_aالموسوعة الشاملة في الدفوع الجنائية في ضوء أراء الفقه والقضاء وتعليمات النيابات شرح عملي لكافة الدفوع الجنائية المهمة والعلمية في نطاق قانون الإجراءات الجنائية وقانون العقوبات والتشريعات الجنائية : _bالدفوع القانونية في جرائم الآثار - الدفوع في جرائم الأسلحة والذخائر الدفوع فى جرائم الغش والتدليس ) غش الأغذية والألبان والشاى والبن ) الدفوع جرائم التموين والتسعير الجبرى - الدفوع في جرائم التسول والإشتباه والتشرد وجرائم الطفل - الدفوع في جرائم الدعارة - الدفوع في جرائم شرب الخمر طبعة. _nالجزء الرابع، _pالدفوع القانونية فى التشريعات الجنائية الخاصة / _cتأليف المستشار إبراهيم عبدالخالق. |
| 250 | _aالطبعة الثالثة | ||
| 264 | 1 |
_a[مكان النشر غير محدد] : _bدار علام، _c2014. |
|
| 300 |
_a498 ؛صفحة _c24 سم. |
||
| 336 |
_2rda content _atext |
||
| 337 |
_2rda media _aComputer |
||
| 338 |
_2rda carrier _aOnline Resource |
||
| 500 | _aاهداء من حسن على | ||
| 546 | _aالنص باللغة العربية | ||
| 650 | 1 |
_aالدفاع الشرعى _2qrmak |
|
| 650 | 1 |
_aالقانون الجنائى _2qrmak |
|
| 651 | 1 | _2qrmak | |
| 856 | 4 | 0 | _uhttps://fll.law.cu.edu.eg/fulltext/bks/B10-12090.pdf |
| 905 | _a54 | ||
| 942 |
_2ddc _cBK _e21 _n0 |
||
| 999 |
_c76361 _d76361 |
||